=LDR 00000nam 2200000 4500 =001 INLIS000000000029627 =005 20130612131838 =008 ***********************************Ind** =035 ##$$0010-061300000029627 =041 ##$$a Ind =082 ##$$a 346 =090 ##$$a 346, Sat h =100 ##$$a Satrio, J =245 ##$$a Hukum pribadi bagian 1 persoon alamiah, J. Satrio, SH =260 ##$$a 1999 $b Bandung =300 ##$$a xvi, 290 hlm, 21 cm =650 ##$$a Hukum Perdata =850 ##$$a NBPNMAT